Loading...
| Social Science | 1 | 3 | 1 | 1 | 40 | 63 | 95.00 | 1 | 2 | 5.68 | 13.98 |
| Science - Physics | 0 | 4 | 1 | 0 | 35 | 119 | 127.00 | 0 | 1 | 1.87 | 14.96 |
| Science - Other | 0 | 4 | 2 | 0 | 30 | 72 | 101.25 | 0 | 2 | 9.42 | 20.04 |
| Science - Biology | 1 | 1 | 0 | 1 | 25 | 57 | 89.50 | 1 | 1 | 6.01 | 8.33 |
| Science - Chemistry | 0 | 3 | 1 | 1 | 25 | 116 | 119.33 | 0 | 1 | 1.56 | 19.05 |
| Beliefs | 0 | 2 | 0 | 0 | 20 | 102 | 115.00 | 0 | 2 | 2.18 | 12.92 |
| Literature - European | 0 | 1 | 0 | 0 | 10 | 104 | 104.00 | 0 | 0 | 3.03 | 6.94 |
| History - Ancient | 0 | 1 | 0 | 0 | 10 | 81 | 81.00 | 0 | 0 | 7.34 | 10.00 |
| History - American | 0 | 1 | 1 | 0 | 5 | 119 | 119.00 | 0 | 0 | 0.78 | 2.78 |
| History - World | 0 | 0 | 0 | 0 | 0 | 0.00 | 0 | 0 | 0.00 | 0.00 | |
| History - European | 0 | 0 | 1 | 0 | -5 | 0.00 | 0 | 0 | 0.00 | 0.00 |